[Event "EU-Cup 29th"]
[Site "Rhodes"]
[Date "2013.10.21"]
[Round "2.4"]
[White "Rousos, Stamatios"]
[Black "Oberweis, Paul"]
[Result "0-1"]
[WhiteElo "1369"]
[BlackElo "2052"]
[PlyCount "164"]
[EventDate "2013.10.20"]
[EventType "team-swiss"]
[EventRounds "7"]
[EventCountry "GRE"]
[SourceTitle "CBM 157"]
[Source "ChessBase"]
[SourceDate "2013.11.12"]
[SourceVersion "1"]
[SourceVersionDate "2013.11.12"]
[SourceQuality "1"]
[WhiteTeam "Rodou Ippotis"]
[BlackTeam "Echternach Sprenger"]
[WhiteTeamCountry "GRE"]
[BlackTeamCountry "LUX"]

1. e4 c5 2. Nf3 e6 3. d4 cxd4 4. Nxd4 Nf6 5. Bd3 Nc6 6. Nb3 d5 7. exd5 exd5 8. 0-0 Be7 9. Nc3 0-0 10. Bg5 Bg4 11. Qd2 Rc8 12. Bxf6 Bxf6 13. Nxd5 Bxb2 14. Rab1 Ba3 15. h3 Be6 16. Nf4 Bd7 17. Rfd1 Ne5 18. Be4 Qg5 19. Qd4 Rc4 20. Qe3 Bc6 21. Bxc6 Nxc6 22. Nd2 Bc5 23. Ne6 Bxe3 24. Nxg5 Bxd2 25. Rxd2 b6 26. a3 h6 27. Nf3 Rc8 28. Rbd1 Rc3 29. Ra1 Na5 30. Ra2 Nc4 31. Rd3 Na5 32. Nd4 Rxd3 33. cxd3 Rd8 34. Nb5 Rxd3 35. Nxa7 Rd7 36. Nc8 Rd1+ 37. Kh2 Rb1 38. a4 Rb4 39. Ne7+ Kf8 40. Nd5 Rb3 41. Rc2 Ke8 42. Re2+ Kd7 43. Rd2 Kc6 44. Ne7+ Kc5 45. Rc2+ Nc4 46. Ra2 Rb2 47. Ra1 Rxf2 48. Kg3 Rb2 49. Nf5 Rb3+ 50. Kh4 Ra3 51. Rc1 Rxa4 52. Nxg7 b5 53. Kh5 b4 54. Kxh6 b3 55. h4 b2 56. Rb1 Ra6+ 57. Kh7 Ra1 58. Rxb2 Nxb2 59. h5 Rg1 60. h6 Rh1 61. g4 Nd3 62. g5 Kd6 63. Kg8 Ne5 64. h7 Ng6 65. Kxf7 Nh8+ 66. Kg8 Ng6 67. Nf5+ Ke6 68. Ng7+ Ke7 69. Nf5+ Ke6 70. Ng7+ Kd7 71. Kf7 Nh8+ 72. Kg8 Ng6 73. Kf7 Nh8+ 74. Kg8 Ke7 75. Kxh8 Kf7 76. Nf5 Ra1 77. Nh6+ Kg6 78. Ng8 Ra7 79. Nf6 Ra8+ 80. Ng8 Ra7 81. Nf6 Rb7 82. Ng8 Rxh7# 0-1

[Event "Luxembourg-chT 1213"]
[Site "Luxembourg"]
[Date "2012.12.10"]
[Round "3"]
[White "Filipovic, Slobodan J"]
[Black "Oberweis, Paul"]
[Result "1/2-1/2"]
[WhiteElo "2226"]
[BlackElo "2072"]
[PlyCount "58"]
[EventDate "2012.10.??"]
[EventType "team-tourn"]
[EventRounds "10"]
[EventCountry "LUX"]
[SourceTitle "EXT 2017"]
[Source "ChessBase"]
[SourceDate "2016.10.25"]
[SourceVersion "1"]
[SourceVersionDate "2016.10.25"]
[SourceQuality "1"]

1. e4 c5 2. Nf3 e6 3. d3 d6 4. g3 Nf6 5. Bg2 Nc6 6. 0-0 Be7 7. Re1 0-0 8. c3 Qc7 9. d4 cxd4 10. cxd4 d5 11. e5 Ne4 12. Nc3 Nxc3 13. bxc3 Bd7 14. Bf1 Na5 15. Qd3 Rfc8 16. Bg5 Qd8 17. h4 Rc7 18. Bxe7 Qxe7 19. Ng5 g6 20. Qf3 Rac8 21. Rac1 Be8 22. Bd3 h6 23. Nh3 Rxc3 24. Qf4 Kg7 25. Bb1 Rxc1 26. Rxc1 Rxc1+ 27. Qxc1 Qb4 28. h5 Nc6 29. hxg6 Nxd4 1/2-1/2

[Event "Luxembourg-chT 1112"]
[Site "Luxembourg"]
[Date "2011.01.10"]
[Round "4"]
[White "Oberweis, Paul"]
[Black "Hasani, Driton"]
[Result "1-0"]
[WhiteElo "2072"]
[BlackElo "1708"]
[PlyCount "35"]
[EventDate "2011.10.??"]
[EventType "team-tourn"]
[EventRounds "10"]
[EventCountry "LUX"]
[SourceTitle "EXT 2017"]
[Source "ChessBase"]
[SourceDate "2016.10.25"]
[SourceVersion "1"]
[SourceVersionDate "2016.10.25"]
[SourceQuality "1"]

1. e4 e5 2. Nc3 Bc5 3. f4 Bxg1 4. Rxg1 Qh4+ 5. g3 Qxh2 6. Rg2 Qh3 7. Nd5 Kd8 8. fxe5 d6 9. Qf3 Nh6 10. exd6 cxd6 11. Qc3 Nc6 12. Qxg7 Rg8 13. Qf6+ Kd7 14. Nf4 Qh1 15. d3 b5 16. Be3 Ne5 17. Nd5 Kc6 18. Bxh6 1-0

[Event "EU-Cup 23rd"]
[Site "Kemer"]
[Date "2007.10.04"]
[Round "2.4"]
[White "Delaney, Killian"]
[Black "Oberweis, Paul"]
[Result "1/2-1/2"]
[WhiteElo "2023"]
[BlackElo "2096"]
[PlyCount "47"]
[EventDate "2007.10.03"]
[EventType "team-swiss"]
[EventRounds "7"]
[EventCountry "TUR"]
[SourceTitle "CBM 121"]
[Source "ChessBase"]
[SourceDate "2007.11.14"]
[SourceVersion "1"]
[SourceVersionDate "2007.11.14"]
[SourceQuality "1"]
[WhiteTeam "Rathmines"]
[BlackTeam "Echternach Sprenger"]
[WhiteTeamCountry "IRL"]
[BlackTeamCountry "LUX"]

1. e4 c5 2. c3 d5 3. exd5 Qxd5 4. d4 e6 5. Nf3 Nf6 6. Na3 Nc6 7. Nb5 Qd8 8. dxc5 Bxc5 9. Qxd8+ Kxd8 10. Bf4 Nd5 11. 0-0-0 Ke7 12. Bg3 a6 13. Nbd4 Nxd4 14. Nxd4 Rd8 15. Bc4 Nb6 16. Nf5+ Ke8 17. Nxg7+ Ke7 18. Bh4+ f6 19. Rxd8 Kxd8 20. Bxf6+ Kc7 21. Bxe6 Bxe6 22. Nxe6+ Kd6 23. Nf4 Rf8 24. Kb1 1/2-1/2

[Event "EU-Cup 22nd"]
[Site "Fuegen"]
[Date "2006.10.13"]
[Round "6.4"]
[White "Keogh, Eamon"]
[Black "Oberweis, Paul"]
[Result "1/2-1/2"]
[WhiteElo "2093"]
[BlackElo "2094"]
[PlyCount "100"]
[EventDate "2006.10.08"]
[EventType "team-swiss"]
[EventRounds "7"]
[EventCountry "AUT"]
[SourceTitle "CBM 115"]
[Source "ChessBase"]
[SourceDate "2006.11.15"]
[SourceVersion "1"]
[SourceVersionDate "2006.11.15"]
[SourceQuality "1"]
[WhiteTeam "Kilkenny"]
[BlackTeam "Echternach Sprenger"]
[WhiteTeamCountry "IRL"]
[BlackTeamCountry "LUX"]

1. e4 c5 2. Nc3 Nc6 3. g3 Nf6 4. Bg2 e6 5. f4 d6 6. Nf3 Be7 7. d3 0-0 8. 0-0 Rb8 9. h3 b5 10. g4 b4 11. Ne2 c4 12. Ng3 cxd3 13. cxd3 d5 14. e5 Nd7 15. d4 Qb6 16. b3 f6 17. Kh2 fxe5 18. dxe5 Bc5 19. f5 Ndxe5 20. Nxe5 Nxe5 21. Bf4 Bd6 22. fxe6 Bxe6 23. Bxd5 Nxg4+ 24. Qxg4 Bxd5 25. Nf5 Bxf4+ 26. Rxf4 Qf6 27. Raf1 Rbe8 28. R4f2 Be6 29. Kg1 Bxf5 30. Rxf5 Qb6+ 31. Kg2 Qb7+ 32. Kg1 Qb6+ 33. Kg2 Qc6+ 34. Kg1 Rxf5 35. Qxf5 Qb6+ 36. Rf2 Re1+ 37. Kg2 Qc6+ 38. Qf3 Qg6+ 39. Qg4 Qc6+ 40. Qf3 Qg6+ 41. Qg4 Qe4+ 42. Qf3 Qxf3+ 43. Kxf3 Kf7 44. Rc2 Re7 45. Rc5 Rb7 46. Ke4 Ke6 47. Rh5 g6 48. Ra5 Kd6 49. h4 Kc6 50. h5 Kb6 1/2-1/2

[Event "Luxembourg-chT 0001"]
[Site "Luxembourg"]
[Date "2000.10.08"]
[Round "1"]
[White "Ackermann, Robert"]
[Black "Oberweis, Paul"]
[Result "1-0"]
[WhiteElo "2015"]
[BlackElo "2142"]
[PlyCount "67"]
[EventDate "2000.10.08"]
[EventType "team"]
[EventRounds "10"]
[EventCountry "LUX"]
[SourceTitle "EXT 2005"]
[Source "ChessBase"]
[SourceDate "2004.11.15"]
[SourceVersion "1"]
[SourceVersionDate "2004.11.15"]
[SourceQuality "1"]
[WhiteTeam "Bonnevoie Gambit"]
[BlackTeam "Echternach Sprenger"]
[WhiteTeamCountry "LUX"]
[BlackTeamCountry "LUX"]

1. e4 c5 2. Nf3 d6 3. d4 cxd4 4. Nxd4 Nf6 5. Nc3 Nc6 6. Be2 e6 7. Be3 Be7 8. 0-0 0-0 9. Kh1 Bd7 10. Ndb5 Qb8 11. Bf4 e5 12. Bg5 a6 13. Bxf6 gxf6 14. Na3 f5 15. Nd5 b5 16. exf5 Bxf5 17. Bg4 Bg6 18. Bd7 Ra7 19. Bxc6 Bd8 20. Ne3 f5 21. f4 Kh8 22. fxe5 dxe5 23. Bf3 Bg5 24. Qe1 e4 25. Bd1 f4 26. Nd5 Raf7 27. Bg4 f3 28. Qc3+ Rg7 29. gxf3 h5 30. Bh3 exf3 31. Rae1 Bh4 32. Re6 Bf7 33. Rg1 Rfg8 34. Rh6# 1-0

[Event "Luxembourg-ch"]
[Site "Luxembourg"]
[Date "1999.04.07"]
[Round "5"]
[White "Oberweis, Paul"]
[Black "Verlaine, Alex"]
[Result "1/2-1/2"]
[WhiteElo "2116"]
[BlackElo "1997"]
[PlyCount "54"]
[EventDate "1999.04.03"]
[EventType "swiss"]
[EventRounds "9"]
[EventCountry "LUX"]
[SourceTitle "EXT 2005"]
[Source "ChessBase"]
[SourceDate "2004.11.15"]
[SourceVersion "1"]
[SourceVersionDate "2004.11.15"]
[SourceQuality "1"]

1. e4 d6 2. d4 Nf6 3. Nc3 g6 4. f4 Bg7 5. Nf3 0-0 6. Bd3 Na6 7. 0-0 c5 8. d5 Bg4 9. h3 Bxf3 10. Rxf3 Nc7 11. Bc4 b5 12. Nxb5 Nxb5 13. Bxb5 Nxe4 14. Qe2 Rb8 15. Bd3 Nf6 16. c4 Nd7 17. Rb1 Re8 18. f5 Ne5 19. Rg3 Qa5 20. b3 Nxd3 21. Rxd3 gxf5 22. Rg3 Kh8 23. Bb2 Bd4+ 24. Bxd4+ cxd4 25. Qf2 e6 26. Qxd4+ e5 27. Qh4 Qd8 1/2-1/2

[Event "Luxembourg-chT 9899"]
[Site "Luxembourg"]
[Date "1998.11.22"]
[Round "4"]
[White "Poulsen, Helge"]
[Black "Oberweis, Paul"]
[Result "0-1"]
[WhiteElo "2115"]
[BlackElo "2090"]
[PlyCount "80"]
[EventDate "1998.10.08"]
[EventType "team"]
[EventRounds "10"]
[EventCountry "LUX"]
[SourceTitle "EXT 2005"]
[Source "ChessBase"]
[SourceDate "2004.11.15"]
[SourceVersion "1"]
[SourceVersionDate "2004.11.15"]
[SourceQuality "1"]

1. c4 Nf6 2. Nc3 g6 3. g3 Bg7 4. Bg2 0-0 5. Nf3 d6 6. 0-0 c6 7. d4 Nbd7 8. b4 e5 9. dxe5 Nxe5 10. Nxe5 dxe5 11. Qxd8 Rxd8 12. Bg5 Rd4 13. Rfd1 Be6 14. Rxd4 exd4 15. Bxf6 dxc3 16. Bxg7 Kxg7 17. b5 Rd8 18. Be4 cxb5 19. cxb5 Bd5 20. Rd1 Bxe4 21. Rxd8 c2 22. Rc8 Bc6 23. bxc6 c1Q+ 24. Kg2 bxc6 25. Rc7 Qc5 26. e3 a5 27. h4 Qd5+ 28. Kg1 c5 29. e4 Qxe4 30. Rxc5 Qb1+ 31. Kg2 Qxa2 32. h5 a4 33. g4 Qa3 34. Rc7 Qd6 35. Ra7 a3 36. g5 gxh5 37. f3 Qd2+ 38. Kh3 a2 39. Ra3 Qb2 40. Ra6 a1Q 0-1